000 00685nam a2200217Ia 4500
008 160319s9999 xx 000 0 und d
020 _a971271229X
050 _a808.85
050 _bQ5t 2002
245 _a20 speeches, that moved a nation /
245 _cselected and with introductions by Manuel L. Quezon III
260 _aPasig City :
260 _bAnvil Pub.,
260 _c2002
300 _a117 pages :
300 _billustrations :
650 _aPhilippines -- History -- Speeches in Congress
650 _aPhilippines -- Politics and government -- 20th century
650 _aQuezon, Manuel Luis Casas, 1970-
650 _aSpeeches, addresses, etc., Philippine
999 _c292195
_d292195